000 00417nam a22001457a 4500
008 220610b |||||||| |||| 00| 0 eng d
020 _a0133737705
050 _aQA453
_b.H46 1996
100 _aHenderson, David W.
245 _aExperiencing Geometry:
_bon plane and sphere
_cdavid W. Henderson
260 _aUpper Saddle River
_bPrentice Hall
_c1996
300 _axxiv, 193p.
650 _aGeometry
942 _2lcc
_cBK
999 _c19347
_d19346